| 000 | 00725nam a22002297a 4500 | ||
|---|---|---|---|
| 003 | OSt | ||
| 005 | 20250818095327.0 | ||
| 008 | 250818b |||||||| |||| 00| 0 eng d | ||
| 020 | _a9780735211735 | ||
| 040 |
_aDWC-Main Lib _cOC |
||
| 082 | _aCirc. 188 H732d 2016 | ||
| 100 | _aHoliday, Ryan | ||
| 245 |
_aThe daily stoic : _b366 meditation on wisdom, perseverance, and the art of living/ _cRyan Holiday & Stephen Hanselman |
||
| 260 |
_aNew York : _bPenguin Random House, _cc2016. |
||
| 300 |
_a402 pages : _billustrations ; _c18cm. |
||
| 504 | _aIncludes glossary. | ||
| 650 | _a1. Stoic. | ||
| 650 | _a2. Meditation. | ||
| 650 | _a3. Business. | ||
| 700 | _aHanselman, Stephen | ||
| 942 |
_2ddc _cBK-CIRC _kCirc. _n0 |
||
| 999 |
_c4030 _d4030 |
||